Urban design : (Record no. 352223)

000 -LEADER
fixed length control field 00925 a2200265 4500
003 - CONTROL NUMBER IDENTIFIER
control field OSt
005 - DATE AND TIME OF LATEST TRANSACTION
control field 20180116192327.0
008 - FIXED-LENGTH DATA ELEMENTS--GENERAL INFORMATION
fixed length control field 120508t xxu||||| |||| 00| 0 eng d
010 ## - LIBRARY OF CONGRESS CONTROL NUMBER
LC control number 2006295710
020 ## - INTERNATIONAL STANDARD BOOK NUMBER
International Standard Book Number 0750666285 (pbk.)
035 ## - SYSTEM CONTROL NUMBER
System control number (OCoLC)ocm60741138
040 ## - CATALOGING SOURCE
Transcribing agency 0
082 04 - DEWEY DECIMAL CLASSIFICATION NUMBER
Classification number 711.4
100 1# - MAIN ENTRY--PERSONAL NAME
Personal name Lang, Jon T.
9 (RLIN) 1274
245 10 - TITLE STATEMENT
Title Urban design :
Remainder of title a typology of procedures and products /
Statement of responsibility, etc. Jon Lang.
260 ## - PUBLICATION, DISTRIBUTION, ETC.
Place of publication, distribution, etc. Oxford ;
-- Burlington, MA :
Name of publisher, distributor, etc. Elsevier/Architectural Press,
Date of publication, distribution, etc. c2005.
300 ## - PHYSICAL DESCRIPTION
Extent xxvii, 421 p. :
Other physical details ill., plans ;
Dimensions 25 cm.
500 ## - GENERAL NOTE
General note "Illustrated with over 50 case studies."
500 ## - GENERAL NOTE
General note Includes index
650 #0 - SUBJECT ADDED ENTRY--TOPICAL TERM
Topical term or geographic name entry element City planning.
9 (RLIN) 1275
650 #0 - SUBJECT ADDED ENTRY--TOPICAL TERM
Topical term or geographic name entry element City planning
9 (RLIN) 1276
856 42 - ELECTRONIC LOCATION AND ACCESS
Materials specified Publisher description
Uniform Resource Identifier <a href="http://www.loc.gov/catdir/enhancements/fy0632/2006295710-d.html">http://www.loc.gov/catdir/enhancements/fy0632/2006295710-d.html</a>
942 ## - ADDED ENTRY ELEMENTS (KOHA)
Institution code [OBSOLETE] SADA
Koha item type Book
Call number prefix 711.4 LAN 2005
Source of classification or shelving scheme
Holdings
Withdrawn status Lost status Source of classification or shelving scheme Damaged status Not for loan Permanent Location Current Location Date acquired Total Checkouts Total Renewals Full call number Barcode Date last seen Date last checked out Cost, replacement price Price effective from Koha item type
          School of Art Design and Architecture (SADA) School of Art Design and Architecture (SADA) 10/04/2010 4 6 711.4 LAN 2005 SADA0000374 06/28/2016 08/06/2015 3358.00 08/05/2011 Book
© 2023 Central Library, National University of Sciences and Technology. All Rights Reserved.